1705 1630 1318 1648 1185 1913 1012 1839 1547 1854 1363 1788 1253 1259 1083 1660 1044 1524 1659 1917 1942 1235 1647 1681 1747 1435 1852 1466 1483 1860 1888 1355 1810 1295 1051 1312 1040 1947 1622 1882 1160 1478 1540 1116 1668 1590 1496 1489 1825 1775 1996 1869 1635 1725 1442 1625 1923 1614 1046 1486 1707 1271 1021 1510 1545 1723 1371 1577 1406 1262 1908 1450 1991 1292 1795 1753 1855 1705 1785 1722 1498 1870 1035 1876 1749 1288 1025 1486 1803 1052 1557 1099 1829 1287 1018 1943 1453 1387 1259 BCNSPRNW ULIB Ver.6.0+V

เปลี่ยนเป็นภาษาไทย

Change to English
 แสดงรายละเอียดบรรณานุกรม
  กลับหน้าหลัก

Brief Record : Get Marc (ISO 2709) : E-mail record : QR code < ปิดหน้าต่าง
LEADER : 00000nam 2200000uu 4500
001    13399110829
003     ULIB
008    110609s2550||||th 000 0 tha d
020    9789740905172
060 04 WS113^bว849ส 2550
100 0  วีรศักดิ์ ชลไชย
245 10 สารพันปัญหาลูกน้อย/^cวีรศักดิ์ ชลไชย
250    พิมพ์ครั้งที่ 1
260    กรุงเทพฯ :^bคณะแพทยศาสตร์ จุฬาลงกรณ์มหาวิทยาลัย,^c2550
710 2  จุฬาลงกรณ์มหาวิทยาลัย^bคณะแพทย์ศาสตร์
945    ^p90^l0^i025652
945    ^p90^l0^i025651
945    ^p90^l0^i025650
995    ทศพร
999 ^a ใช้งานได้ทุกระบบ
รายการนี้ยังไม่มีแท็ก
คุณยังไม่ได้ล็อกอิน คุณสามารถมีกิจกรรมร่วมกับเว็บไซต์ได้ แต่ต้องล็อกอินก่อน ::
  ล็อกอิน

รายการสื่อสารสนเทศ

ลำดับที่ ประเภท เลขเรียก/บาร์โค้ด สถานที่ สถานะ
- ไม่พบข้อมูล -

รายการใกล้เคียง
    ผู้แต่ง [วีรศักดิ์ ชลไชย]

BibComment


ยังไม่เคยถูกคอมเมนท์

คอมเมนท์ทรัพยากรรายการนี้
  คอมเมนท์: สารพันปัญหาลูกน้อ..


 Copyright 2026. Bcnsprnw @Library